Sciences humaines et philosophie : par Lucien Goldmann / (Registro nro. 152398)

Detalles MARC
000 -LEADER
fixed length control field 00626nam a22001937a 4500
005 - DATE AND TIME OF LATEST TRANSACTION
control field 20230713120109.0
008 - FIXED-LENGTH DATA ELEMENTS--GENERAL INFORMATION
fixed length control field 130704t fr ||||| |||| 00| 0 fre d
050 04 - LIBRARY OF CONGRESS CALL NUMBER
Classification number B53
Item number G65 1952
100 1# - MAIN ENTRY--PERSONAL NAME
Personal name Goldmann, Lucien.
245 14 - TITLE STATEMENT
Title Sciences humaines et philosophie : par Lucien Goldmann /
Statement of responsibility, etc Lucien Goldmann.
250 ## - EDITION STATEMENT
Edition statement 1a edición
260 ## - PUBLICATION, DISTRIBUTION, ETC. (IMPRINT)
Place of publication, distribution, etc France :
Name of publisher, distributor, etc Presses Universitaires de France,
Date of publication, distribution, etc 1952
300 ## - PHYSICAL DESCRIPTION
Extent 145 p. ;
Dimensions 19 cm.
490 ## - SERIES STATEMENT
Series statement Fichas ;
Volume number/sequential designation v.2
500 ## - GENERAL NOTE
General note Nota : Traducción de : Sciences humaines et philosophie
650 #7 - SUBJECT ADDED ENTRY--TOPICAL TERM
Source of heading or term LEMB
Topical term or geographic name as entry element Filosofía
650 #7 - SUBJECT ADDED ENTRY--TOPICAL TERM
Source of heading or term LEMB
Topical term or geographic name as entry element Ciencias sociales
942 ## - ADDED ENTRY ELEMENTS (KOHA)
Source of classification or shelving scheme Biblioteca del Cogreso de los Estados Unidos
Koha item type Libro
Existencias
Estado de pérdida Fuente de clasificación Estado del daño No para préstamo Ubicación permanente Ubicación actual Apartado o colección Fecha de adquisición Fuente de adquisición Edición Dependencia de educación superior (DES) Área del conocimiento Clasificación Código de Barras Date last seen Número de copia Costo por reposición Tipo de recurso Nota pública
  Biblioteca del Cogreso de los Estados Unidos   Consulta Biblioteca de la Facultad de Filosofía Biblioteca de la Facultad de Filosofía Fondo "Luis Villoro" 24/10/2019 Donación 1a ed. Humanidades Educación y Humanidades B53 G65 1952 BFF000033690 24/10/2019 C:1 1.00 Libro Villoro 1261